ARRUPE JESUIT UNIVERSITY

CORONAVIRUS -STOP THE SPREAD - CLEAN,DISINFECT,COVER

Medical physiology: (Record no. 130590)

MARC details
000 -LEADER
fixed length control field 00534nam a22001697a 4500
008 - FIXED-LENGTH DATA ELEMENTS--GENERAL INFORMATION
fixed length control field 201029b ||||| |||| 00| 0 eng d
020 ## - INTERNATIONAL STANDARD BOOK NUMBER
International Standard Book Number 04091072721
050 ## - LIBRARY OF CONGRESS CALL NUMBER
Classification number QP34.5M681
100 ## - MAIN ENTRY--PERSONAL NAME
Personal name Mitchell, Graham
9 (RLIN) 50101
245 ## - TITLE STATEMENT
Title Medical physiology:
Remainder of title Objectives and multiple choice Questions
Statement of responsibility, etc / by Graham Mitchell
250 ## - EDITION STATEMENT
Edition statement 2nd ed.
260 ## - PUBLICATION, DISTRIBUTION, ETC. (IMPRINT)
Place of publication, distribution, etc Durban:
Name of publisher, distributor, etc Butterworth,
Date of publication, distribution, etc 1986.
300 ## - PHYSICAL DESCRIPTION
Extent xi, 153p. ;
Dimensions 22cm.
650 ## - SUBJECT ADDED ENTRY--TOPICAL TERM
Topical term or geographic name as entry element Medical phsiology l
9 (RLIN) 50102
650 ## - SUBJECT ADDED ENTRY--TOPICAL TERM
Topical term or geographic name as entry element Physiology
General subdivision Pathololgical
9 (RLIN) 50103
942 ## - ADDED ENTRY ELEMENTS (KOHA)
Source of classification or shelving scheme Library of Congress Classification
Item type Monograph ( Printed materials)

No items available.

 

Arrupe Library. PO Box MP320 Mt Pleasant, Harare, Zimbabwe
263 242 745411|librarian@aju.ac.zw